000 00307nam a22001337a 4500
008 170830b xxu||||| |||| 00| 0 eng d
020 _a9780312180195
041 _aeng
080 _26 ED
_a070
100 _a39
101 _aMED
245 _aNEWS REPOTING NAD WRITING
_cBROOKS.B.S
942 _2udc
_cBK
999 _c25490
_d25490